Effective learning and teaching in engineering
Đã lưu trong:
| Príomhúdar: | |
|---|---|
| Formáid: | Leabhar |
| Teanga: | Undetermined |
| Foilsithe: |
London
RoutledgeFalmer
2004
|
| Ábhair: | |
| Clibeanna: |
Cuir Clib Leis
Gan Chlibeanna, Bí ar an gcéad duine leis an taifead seo a chlibeáil!
|
| Thư viện lưu trữ: | Trung tâm Học liệu Trường Đại học Cần Thơ |
|---|
| LEADER | 00594nam a2200205Ia 4500 | ||
|---|---|---|---|
| 001 | CTU_88190 | ||
| 008 | 210402s9999 xx 000 0 und d | ||
| 020 | |c 682000 | ||
| 082 | |a 620.0071 | ||
| 082 | |b B157 | ||
| 100 | |a Baillie, Caroline | ||
| 245 | 0 | |a Effective learning and teaching in engineering | |
| 245 | 0 | |c Caroline Baillie | |
| 260 | |a London | ||
| 260 | |b RoutledgeFalmer | ||
| 260 | |c 2004 | ||
| 650 | |a Technology,Technical education | ||
| 650 | |x Handbooks, manuals, etc.,Handbooks, manuals, etc. | ||
| 904 | |i Năm | ||
| 980 | |a Trung tâm Học liệu Trường Đại học Cần Thơ | ||